Zníženie sadzby dane z pridanej hodnoty a spotrebných daní a ich vplyv na tvorbu cien
Analýza vplyvu zníženia daňovej sadzby na tvorbu cien na konkurenčnom trhu. Model dokonalej konkurencie. Absolútny monopol. Monopson a bilaterálny monopol.
Gespeichert in:
| 1. Verfasser: | |
|---|---|
| Format: | Buchkapitel |
| Sprache: | Slowakisch |
| Schlagworte: | |
| Tags: |
Keine Tags, Fügen Sie das erste Tag hinzu!
|
MARC
| LEADER | 00000naa$a2200000$$$4500 | ||
|---|---|---|---|
| 001 | 0057638 | ||
| 005 | 20231116083349.5 | ||
| 041 | 0 | |a slo | |
| 044 | |a SK | ||
| 245 | 1 | 0 | |a Zníženie sadzby dane z pridanej hodnoty a spotrebných daní a ich vplyv na tvorbu cien |c Ivan Figura |
| 520 | |a Analýza vplyvu zníženia daňovej sadzby na tvorbu cien na konkurenčnom trhu. Model dokonalej konkurencie. Absolútny monopol. Monopson a bilaterálny monopol. | ||
| 610 | 2 | 0 | |a konkurencia trhová |
| 610 | 2 | 0 | |a monopoly |
| 610 | 2 | 0 | |a politika fiškálna |
| 610 | 2 | 0 | |a sadzby daňové |
| 610 | 2 | 0 | |a dane z hodnoty pridanej |
| 610 | 2 | 0 | |a tvorba cien |
| 100 | 1 | |a Figura, Ivan | |